Africa since 1800 (Record no. 83769)

MARC details
000 -LEADER
fixed length control field 00698nam a2200169 a 4500
008 - FIXED-LENGTH DATA ELEMENTS--GENERAL INFORMATION
fixed length control field 120416s1967 ||||||||||||||||| || u
050 ## - LIBRARY OF CONGRESS CALL NUMBER
Classification number DT 21 Oli
100 ## - MAIN ENTRY--PERSONAL NAME
Personal name Oliver, Roland
245 10 - TITLE STATEMENT
Title Africa since 1800
260 ## - PUBLICATION, DISTRIBUTION, ETC.
Place of publication, distribution, etc. Cambridge:
Name of publisher, distributor, etc. The University Press
Date of publication, distribution, etc. 1967
300 ## - PHYSICAL DESCRIPTION
Extent viii, 304p. : ill.
350 ## -
-- 0.00
650 ## - SUBJECT ADDED ENTRY--TOPICAL TERM
Topical term or geographic name entry element AFRICA--HISTORY--1800-
650 #7 - SUBJECT ADDED ENTRY--TOPICAL TERM
Topical term or geographic name entry element AFRICA
Source of heading or term fast
995 ## -
-- MAIN LIBRARY OPEN ACCESS
-- 0.00
-- 709924
-- CBU-MAIN LIBRARY (Kitwe)
-- 2
-- 4.95
-- DT 21 Oli
-- 2
-- AVAILABLE
-- 001362
-- Main Library Open Access Collection
995 ## -
-- MAIN LIBRARY OPEN ACCESS
-- 0.00
-- 715230
-- CBU-MAIN LIBRARY (Kitwe)
-- 1
-- 4.95
-- DT 21 Oli
-- 1
-- AVAILABLE
-- 001363
-- Main Library Open Access Collection
999 ## -
-- 83769
-- 83769
Holdings
Withdrawn status Lost status Source of classification or shelving scheme Damaged status Not for loan Permanent Location Current Location Shelving location Date acquired Total Checkouts Full call number Barcode Date last seen Copy number Price effective from Koha item type
          CBU-MAIN LIBRARY, KITWE. CBU-MAIN LIBRARY, KITWE.   01/08/2024   DT 21 Oli 001362 01/08/2024 1 01/08/2024 MONOGRAPH
          CBU-MAIN LIBRARY, KITWE. CBU-MAIN LIBRARY, KITWE.   01/08/2024   DT 21 Oli 001363 01/08/2024 2 01/08/2024 MONOGRAPH